Statistics for Breaking Bad Quotes

Click here to take the quiz!

General Stats

  • This quiz has been taken 103 times
  • The average score is 19 of 24

Answer Stats

QuoteWho said it% Correct
"Where is my money bitch?"Jesse Pinkman
96%
"If you try to interfere, this becomes a much simpler matter.
I will kill your wife. I will kill your son. I will kill your infant daughter."
Gustavo Fring
93%
"If I Have To Hear One More Time That You Did This For The Family"Skyler White
92%
"W. W., I mean, who do you figure that is?
Woodrow Wilson? Willy Wonka? Walter White?"
Hank Schrader
91%
"Do you know how much I make a year?
I mean, even if I told you, you wouldn't believe it."
Walter White
90%
"Last chance to look at me Hector."Gustavo Fring
88%
"It's Easy Money - 'Til We Catch You"Hank Schrader
87%
"Oh, blue, yellow, pink. Whatever, man. Just keep bringing me that."Tuco Salamanca
87%
“You don’t need a criminal lawyer. You need a CRIMINAL lawyer.”Jesse Pinkman
84%
"I once convinced a woman I was Keven Costner"Saul Goodman
83%
"Why are you still alive? Why don't you just die already?"Walter Jr.
81%
"Some straight like you, giant stick up his ass,
age what - 60? He's just gonna break bad?"
Jesse Pinkman
80%
"They're Minerals!"Hank Schrader
79%
" It was perfect. But, no, you just had to blow it up.
You and your pride and your ego! You just had to be the man."
Mike Ehrmantraut
79%
"No more half measures, Walter."Mike Ehrmantraut
78%
"Clearly His Taste In Women Is The Same As His Taste In Lawyers:
Only The Very Best... With Just A Right Amount Of Dirty"
Saul Goodman
78%
"If that’s true,
if you don’t know who I am,
then maybe your best course would be to tread lightly."
Walter White
78%
"All right. Who do we have? Brandon Mayhew.
All right. Here we go. Public masturbation"
Saul Goodman
74%
"You may not love him anymore, but i do!
Why, why you gotta be such a bitch"
Walter Jr.
74%
"I'm the guy your boss brought here to show you how it's done."Jesse Pinkman
71%
"Have you given any thought to sending him on a trip to Belize?"Saul Goodman
71%
"You Don't Have To Do This"Gale Boetticher
61%
"If We're Gonna Go That Way, You'll Need A Bigger Knife"Walter White
61%
"I gotta do it man"Huell Babineaux
19%

Score Distribution

Percentile by Number Answered

Percent of People with Each Score

Your Score History

You have not taken this quiz